000 00609nam a2200193 4500
008 170503b xxu||||| |||| 00| 0 eng d
020 _a1-85628-306-2
082 _21994
_aDC 320.6
_bV24
245 _aValues and planning /
_cedited by Huw Thomas
260 _aAldershot :
_bAvebury ,
_cc1994.
300 _aviii, 231 pages :
_billustrations ;
_c24 cm
500 _aIncludes bibliographical references and index
650 0 _920672
_aPolicy sciences
650 0 _920673
_aPlanning
650 0 _920674
_aValues
700 _920675
_aThomas, Huw, 1954-
_eeditor
365 _b3,080.00
_cPhp
942 _2ddc
_cDC
999 _c6830
_d6830